000 00181 a2200097 4500
020 _a997849035
041 _aspa
100 _aAnonimo
245 _aEl poema del mio cid
942 _cBK
999 _c28893
_d28893